书目信息 |
| 题名: |
女书的历史与现状
|
|
| 作者: | 远藤织枝 , 黄雪贞 主编 | |
| 分册: | ||
| 出版信息: | 北京 中国社会科学出版社 2005 |
|
| 页数: | 196页, | |
| 开本: | 21cm | |
| 丛书名: | ||
| 单 册: | ||
| 中图分类: | H123 | |
| 科图分类: | ||
| 主题词: | 女书--研究 | |
| 电子资源: | ||
| ISBN: | 7-5004-5145-8 | |
| 000 | 01163nam0 2200325 450 | |
| 000 | 01126nam0 2200313 450 | |
| 000 | 01095nam0 2200313 450 | |
| 000 | 01041nam0 2200289 450 | |
| 000 | 01070nam0 2200277 450 | |
| 000 | 01033nam0 2200265 45 | |
| 001 | TS2006042403 | |
| 005 | 20061226165236.85 | |
| 010 | @a7-5004-5145-8@dCNY28.00 | |
| 100 | @a20060829d2005 em y0chiy0120 ea | |
| 101 | 0 | @achi |
| 102 | @aCN@b110000 | |
| 105 | @aa z 000yy | |
| 200 | 1 | @a女书的历史与现状@ANu^ Shu De Li Shi Yu Xian Zhuang@e解析女书的新视点@EJie Xi Nu^ Shu De Xin Shi Dian@f远藤织枝, 黄雪贞主编@FYuan Teng Zhi Zhi , Huang Xue Zhen Zhu Bian |
| 210 | @a北京@c中国社会科学出版社@d2005 | |
| 215 | @a196页,@c[6] 页图版,图 (部分彩图)@d21cm | |
| 320 | @a有书目和索引 | |
| 517 | 1 | @a解析女书的新视点@AJie Xi Nu^ Shu De Xin Shi Dian |
| 606 | 0 | @a女书@x研究 |
| 690 | @aH123@v4 | |
| 701 | 0 | @a远藤织枝@AYuan Teng Zhi Zhi@4主编 |
| 701 | 0 | @a黄雪贞@AHuang Xue Zhen@4主编 |
| 801 | 0 | @aCN@b中图数据@c20061226 |
| 905 | @a10447@dH123@e127 | |
| 女书的历史与现状:解析女书的新视点/远藤织枝, 黄雪贞主编.-北京:中国社会科学出版社,2005 |
| 196页,:[6] 页图版,图 (部分彩图);21cm |
| ISBN 7-5004-5145-8:CNY28.00 |
| ● |
| 相关链接 |
|
|
|
|
正题名:女书的历史与现状
索取号:H123/127
 
预约/预借
| 序号 | 登录号 | 条形码 | 馆藏地/架位号 | 状态 | 备注 |
| 1 | 0607597 | 206075977 | 第二样本阅览室/ [索取号:H123/127] | 在馆 | |
| 2 | 0607598 | 206075986 | 第四借阅区/ [索取号:H123/127] | 在馆 | |
| 3 | 0607599 | 206075995 | 第四借阅区/ [索取号:H123/127] | 在馆 | |
| 4 | 0607600 | 206076002 | 第四借阅区/ [索取号:H123/127] | 在馆 | |
| 5 | 0607601 | 206076011 | 第四借阅区/ [索取号:H123/127] | 在馆 | |
| 6 | 0607602 | 206076020 | 第四借阅区/ [索取号:H123/127] | 在馆 |